00438 2200169 4500001002100000008004100021035002000062245005100082100001800133260002100151300001300172020002200185084001700207082000800224990001800232990001800250INLIS000000000000243 ind  a0010-0724000243 aEnsiklopedia Sahabat RasulullahcTim Ar-Rahman aTim Ar-Rahman aJakarta :bEmir, a223 hlm. a978-602-0935-47-8 a2X0.03 TIM e a2X0 aP29/CP/24/243 aP29/CP/24/243